000 00539nam a2200205 a 4500
001 BRCA_4082
005 20190320204534.0
008 180210s1954----nyua######---#000-0#eng-#
041 _aeng
044 _anyu
050 4 _aPZ3
_b.G17 1954
100 1 _aGardner, Erle Stanley
_d1889-1970.
_910568
245 1 0 _aThe Case of the Lame Canary
_cErle Stanley Gardner.
260 _aNew York
_bPocket Books
_c1954
300 _a183 p.
_bil.
_c16 cm.
500 _aCEF53
650 1 4 _aNovelas policĂ­acas
_9877
902 _aGFM
942 _2lcc
_cB
999 _c3804
_d3804